<?xml version="1.0" encoding="UTF-8"?>
<record
    xmlns:xsi="http://www.w3.org/2001/XMLSchema-instance"
    xsi:schemaLocation="http://www.loc.gov/MARC21/slim http://www.loc.gov/standards/marcxml/schema/MARC21slim.xsd"
    xmlns="http://www.loc.gov/MARC21/slim">

  <leader>02023nam a2200313 a 4500</leader>
  <controlfield tag="001">000000312</controlfield>
  <controlfield tag="003">DO-SdBNP</controlfield>
  <controlfield tag="005">20210415135659.0</controlfield>
  <controlfield tag="007">000000312</controlfield>
  <controlfield tag="008">081112s2007    dr a          001 0 spa d</controlfield>
  <datafield tag="020" ind1=" " ind2=" ">
    <subfield code="a">8495193019</subfield>
  </datafield>
  <datafield tag="040" ind1=" " ind2=" ">
    <subfield code="a">BPMET</subfield>
    <subfield code="b">spa</subfield>
    <subfield code="c">BPMET</subfield>
  </datafield>
  <datafield tag="092" ind1=" " ind2=" ">
    <subfield code="a">301</subfield>
    <subfield code="b">D663i, 2007</subfield>
  </datafield>
  <datafield tag="100" ind1="1" ind2=" ">
    <subfield code="a">D'Oleo, Frank</subfield>
  </datafield>
  <datafield tag="245" ind1="1" ind2="0">
    <subfield code="a">Introducci&#xF3;n a la sociolog&#xED;a :</subfield>
    <subfield code="b">teor&#xED;a y pr&#xE1;ctica aplicada a la sociedad dominicana /</subfield>
    <subfield code="c">Frank D'Oleo ; pr&#xF3;logo Danilo P. Clim&#xE9;.</subfield>
  </datafield>
  <datafield tag="246" ind1="1" ind2="4">
    <subfield code="a">Introducci&#xF3;n a la sociolog&#xED;a</subfield>
  </datafield>
  <datafield tag="250" ind1=" " ind2=" ">
    <subfield code="a">7a ed.</subfield>
  </datafield>
  <datafield tag="260" ind1=" " ind2=" ">
    <subfield code="a">Santo Domingo :</subfield>
    <subfield code="b">B&#xFA;ho,</subfield>
    <subfield code="c">2007.</subfield>
  </datafield>
  <datafield tag="300" ind1=" " ind2=" ">
    <subfield code="a">253 p. :</subfield>
    <subfield code="b">il. ;</subfield>
    <subfield code="c">21 cm.</subfield>
  </datafield>
  <datafield tag="500" ind1=" " ind2=" ">
    <subfield code="a">Incluye glosario</subfield>
  </datafield>
  <datafield tag="500" ind1=" " ind2=" ">
    <subfield code="a">Incluye referencias bibliogr&#xE1;ficas y notas al pie de las p&#xE1;ginas</subfield>
  </datafield>
  <datafield tag="504" ind1=" " ind2=" ">
    <subfield code="a">Bibliograf&#xED;a p. : 251-253</subfield>
  </datafield>
  <datafield tag="505" ind1="0" ind2=" ">
    <subfield code="t">Pr&#xF3;logo -</subfield>
    <subfield code="t">Introducci&#xF3;n --</subfield>
    <subfield code="g">Primera parte --</subfield>
    <subfield code="t">Sociolog&#xED;a: ra&#xED;ces, objeto y car&#xE1;cter cient&#xED;fico --</subfield>
    <subfield code="t">El origen de la sociolog&#xED;a --</subfield>
    <subfield code="t">Los padres fundadores de la sociolog&#xED;a --</subfield>
    <subfield code="t">Objeto de estudio de la sociolog&#xED;a --</subfield>
    <subfield code="t">La ciencia y la sociolog&#xED;a --</subfield>
    <subfield code="g">Segunda parte --</subfield>
    <subfield code="t">Teor&#xED;as sociol&#xF3;gicas y m&#xE9;todo de investigaci&#xF3;n social --</subfield>
    <subfield code="t">La teor&#xED;a funcionalista de la sociolog&#xED;a --</subfield>
    <subfield code="t">La teor&#xED;a marxista de la sociolog&#xED;a --</subfield>
    <subfield code="t">La teor&#xED;a positivista de la sociolog&#xED;a y la objetividad de las ciencias sociales</subfield>
    <subfield code="t">La teor&#xED;a sociol&#xF3;gica del consenso y del conflicto social --</subfield>
    <subfield code="t">M&#xE9;todos de investigaci&#xF3;n sociol&#xF3;gica --</subfield>
    <subfield code="g">Tercera parte --</subfield>
    <subfield code="t">La sociolog&#xED;a: estructura, din&#xE1;mica, socializaci&#xF3;n e interacci&#xF3;n social aplicada --</subfield>
    <subfield code="t">El proceso de socializaci&#xF3;n y la personalidad --</subfield>
    <subfield code="t">La cultura --</subfield>
    <subfield code="t">Las instituciones sociales --</subfield>
    <subfield code="t">Las agrupaciones sociales --</subfield>
    <subfield code="t">Modos de producci&#xF3;n: evoluci&#xF3;n hist&#xF3;rica y caracterizaci&#xF3;n econ&#xF3;mico-social --</subfield>
    <subfield code="t">Clases sociales y estratificaci&#xF3;n social --</subfield>
    <subfield code="t">Desigualdad social y pobreza --</subfield>
    <subfield code="t">Glosario --</subfield>
    <subfield code="t">Bibliograf&#xED;a.</subfield>
  </datafield>
  <datafield tag="650" ind1=" " ind2="4">
    <subfield code="a">SOCIOLOG&#xCD;A</subfield>
  </datafield>
  <datafield tag="650" ind1=" " ind2="4">
    <subfield code="a">CLASES SOCIALES</subfield>
  </datafield>
  <datafield tag="700" ind1="1" ind2="2">
    <subfield code="a">Clim&#xE9;, Danilo P.,</subfield>
    <subfield code="e">pr&#xF3;l.</subfield>
  </datafield>
  <datafield tag="910" ind1=" " ind2=" ">
    <subfield code="a">Validado. Control de calidad BNPHU</subfield>
  </datafield>
  <datafield tag="942" ind1=" " ind2=" ">
    <subfield code="2">ddc</subfield>
    <subfield code="c">BK</subfield>
  </datafield>
  <datafield tag="952" ind1=" " ind2=" ">
    <subfield code="0">0</subfield>
    <subfield code="1">0</subfield>
    <subfield code="2">ddc</subfield>
    <subfield code="4">0</subfield>
    <subfield code="7">0</subfield>
    <subfield code="8">DOM</subfield>
    <subfield code="a">BPMET</subfield>
    <subfield code="b">BPMET</subfield>
    <subfield code="d">2015-06-11</subfield>
    <subfield code="l">0</subfield>
    <subfield code="p">BPMET15080186</subfield>
    <subfield code="r">2015-06-11</subfield>
    <subfield code="w">2015-06-11</subfield>
    <subfield code="y">BK</subfield>
  </datafield>
  <datafield tag="952" ind1=" " ind2=" ">
    <subfield code="0">0</subfield>
    <subfield code="1">0</subfield>
    <subfield code="2">ddc</subfield>
    <subfield code="4">0</subfield>
    <subfield code="7">0</subfield>
    <subfield code="8">DOM</subfield>
    <subfield code="a">BPMET</subfield>
    <subfield code="b">BPMET</subfield>
    <subfield code="d">2015-06-11</subfield>
    <subfield code="l">0</subfield>
    <subfield code="p">BPMET15080187</subfield>
    <subfield code="r">2015-06-11</subfield>
    <subfield code="t">e. 2</subfield>
    <subfield code="w">2015-06-11</subfield>
    <subfield code="y">BK</subfield>
  </datafield>
  <datafield tag="952" ind1=" " ind2=" ">
    <subfield code="0">0</subfield>
    <subfield code="1">0</subfield>
    <subfield code="2">ddc</subfield>
    <subfield code="4">0</subfield>
    <subfield code="7">0</subfield>
    <subfield code="8">DOM</subfield>
    <subfield code="a">BPMET</subfield>
    <subfield code="b">BPMET</subfield>
    <subfield code="d">2015-06-11</subfield>
    <subfield code="l">0</subfield>
    <subfield code="p">BPMET15080188</subfield>
    <subfield code="r">2015-06-11</subfield>
    <subfield code="t">ej. 3</subfield>
    <subfield code="w">2015-06-11</subfield>
    <subfield code="y">BK</subfield>
  </datafield>
  <datafield tag="999" ind1=" " ind2=" ">
    <subfield code="c">7909</subfield>
    <subfield code="d">7909</subfield>
  </datafield>
</record>
